Moneda utilizada en los países europeos - Muerte súbita - Estadísticas

Estadísticas generales
  • Esta prueba ha sido intentada 278 veces
  • La puntuación promedio es 5 de 14
Answers on the Grid
Answers color-coded by a green-red scale on the quiz's grid according to % correct below.
Baht
Marco convertible
Denar
Dobra
Dólar
Euro
Forinto
Franco
Grivna
Kip
Corona
Kwacha
Lek
Leu
Leva
Metical
Pataca
Libra esterlina
Pula
Rand
Rial
Rublo
Rupia
Chelín
Som
Taka
Yen
Zloty
 
Estadísticas de respuestas
Respuesta % Correcto
Euro
91%
Corona
70%
Franco
70%
Libra esterlina
65%
Rublo
45%
Zloty
44%
Lek
30%
Marco convertible
28%
Leu
27%
Forinto
22%
Leva
20%
Grivna
14%
Denar
11%
Rial
6%
No se encontraron pruebas coincidentes
Distribución de puntuación
Porcentaje de gente con cada puntuación
Porcentaje por número respondido
Historial de tus puntuaciones
No has intentado esta prueba.